000 00337nam a2200109Ia 4500
008 171205s9999 xx 000 0 und d
020 _a9781446275108
100 _aBastow, Simon
245 4 _aThe Impact of the Social Sciences How Academics and their Research make a Difference
260 _bSAGE Publications
_c2014
300 _a320 pages
999 _c347399
_d347399